Catedral

Guardat en:
Dades bibliogràfiques
Autor principal: Carver, Raymond (Autor)
Format: Llibre
Idioma:espanyol
Publicat: Barcelona Anagrama 2002
Edició:8a. ed
Col·lecció:Compactos, 53
Matèries:
Etiquetes: Afegir etiqueta
Sense etiquetes, Sigues el primer a etiquetar aquest registre!

MARC

LEADER 00000nam a2200000 a 4500
001 UCL3491
003 CL-VaPUC
008 031128e20020000SP |||||||||||||||||spa|d
020 |a 843392057X 
082 0 4 |a 813  |b CAR  |2 21 
100 0 |a Carver, Raymond  |e author  |9 480776 
245 1 0 |a Catedral 
250 |a 8a. ed 
300 |a 205 p 
942 |c BK 
945 |d 20031128 00:00:00  |a cmena 
260 |a Barcelona  |b Anagrama  |c 2002 
650 0 |a Novelas estadounidenses  |9 265217 
650 0 |a Literatura estadounidense  |9 317168 
583 |a last modification  |c 20031128 00:00:00  |k Rodrigo Vera 
490 0 |a Compactos, 53 
999 |c 306526  |d 306524 
952 |0 0  |1 0  |4 0  |6 813_000000000000000_CAR_2002  |7 0  |8 A  |9 371569  |a BIBART  |b BIBART  |d 2019-11-21  |i 3903923  |l 2  |o 813 CAR 2002  |p 3903923  |r 2025-03-25  |s 2025-03-25  |w 2019-11-21  |y BK  |k ART